000 00491nam a2200181Ia 4500
008 240925s9999 xx 000 0 und d
020 _a9789694073637
082 _a621.3822 HAS
100 _aHasnain , S.K
245 0 _aDigital Signal Processing: theory and work examples
250 _a2nd
260 _aKarachi:
_bRoyal Books
_c,2009.
300 _axviii,1136p.
_bNA
_fPhotocopy
500 _aIncludes Index
600 _aElectronic Engineering
650 _aTechnology
942 _cBK
999 _c10216
_d10216